Nazioni ospitanti dei mondiali - Statistics

Statistiche generali
  • Questo quiz è stato fatto 50 volte
  • Il punteggio medio è 18 su 23
Statistiche sulle risposte
Hint Risposta % Corretto
2006 Germania
91%
1934 Italia
91%
1990 Italia
91%
2010 Sudafrica
91%
2014 Brasile
89%
2026 Canada, Stati Uniti e Messico
89%
2002 Corea del Sud e Giappone
89%
1998 Francia
89%
2022 Qatar
89%
2018 Russia
89%
1930 Uruguay
89%
1982 Spagna
87%
1994 Stati Uniti
85%
1970 Messico
72%
1986 Messico
72%
1978 Argentina
70%
1950 Brasile
70%
1938 Francia
67%
1966 Inghilterra
65%
1958 Svezia
61%
1954 Svizzera
54%
1974 Germania Ovest
52%
1962 Cile
50%
Nessun quiz corrispondente trovato
Distribuzione punteggi
Percentuale di utenti per punteggio
Percentile per numero di risposta
I tuoi punteggi nel tempo
Non hai fatto questo quiz